00711cam a22002531 4500001001300000003000400013005001700017008004100034010001700075035001800092040003300110042001200143050001900155082001400174110004100188245004000229250001200269260002300281300001700304505005300321650003500374650003100409999001700440agr67000329 DLC20260227111027.0740409s1967 xx 000 0 eng  aagr67000329  a(OCoLC)851961 aDLCcOKentUdOCldOCoLCdDLC apremarc00aZ695.1.A4bU37 a025.33/632 aNational Agricultural Library (U.S.)10aAgricultural/biological vocabulary. a1st ed. aWashington,c1967. a2 v.c27 cm.0 av. 1. Categorized list. v. 2. Alphabetical list. 0aSubject headingsxAgriculture. 0aSubject headingsxBiology. c12269d12269